01812nam a2200277 a 450000100060000000300080000600500170001400800410003102000290007202000260010102000250012702000220015203500190017404000260019304100080021908200220022710000190024924500850026826000510035330000260040450400640043052009460049465000180144065000460145870000300150482448BD-RjUL20260401133537.0231212s2010 nyu b 001 0 eng  a9780521519335 (hardback) a0521519330 (hardback) a9780521147996 (pbk.) a0521147999 (pbk.) a(BD-RjUL)82448 cBD-RjULaBD-RjULbeng aeng00a323222bLEH 20101 aLee, Daniel E.10aHuman rights and the ethics of globalization /cDaniel E. Lee, Elizabeth J. Lee. aNew York :bCambridge University Press,c2010. axvi, 264 p. ;c23 cm. aIncludes bibliographical references (p. 253-257) and index. a"Human Rights and the Ethics of Globalization provides a balanced, thoughtful discussion of the globalization of the economy and the ethical considerations inherent in the many changes it has prompted. The book's introduction maps out the philosophical foundations for constructing an ethic of globalization, taking into account both traditional and contemporary sources. These ideals are applied to four specific test cases: the ethics of investing in China, the case study of the Firestone company's presence in Liberia, free-trade and fair-trade issues pertaining to the coffee trade with Ethiopia, and the use low-wage factories in Mexico to serve the U.S. market. The book concludes with a comprehensive discussion of how to enforce global compliance with basic human rights standards, with particular attention to stopping abuses by multinational corporations through litigation under the Alien Tort Claims Act"--Provided by publisher. 0aHuman rights. 0aGlobalizationxMoral and ethical aspects.1 aLee, Elizabeth J.,d1982-